<?xml version="1.0" encoding="UTF-8"?>
<record
    xmlns:xsi="http://www.w3.org/2001/XMLSchema-instance"
    xsi:schemaLocation="http://www.loc.gov/MARC21/slim http://www.loc.gov/standards/marcxml/schema/MARC21slim.xsd"
    xmlns="http://www.loc.gov/MARC21/slim">

  <leader>00538nam a22001817a 4500</leader>
  <datafield tag="999" ind1=" " ind2=" ">
    <subfield code="c">172871</subfield>
    <subfield code="d">172871</subfield>
  </datafield>
  <controlfield tag="005">20200214114433.0</controlfield>
  <datafield tag="010" ind1=" " ind2=" ">
    <subfield code="a">A-213266</subfield>
  </datafield>
  <datafield tag="020" ind1=" " ind2=" ">
    <subfield code="c">10.00</subfield>
  </datafield>
  <datafield tag="035" ind1=" " ind2=" ">
    <subfield code="a">A-213266</subfield>
  </datafield>
  <datafield tag="037" ind1=" " ind2=" ">
    <subfield code="b">BPPD/Pub.</subfield>
  </datafield>
  <datafield tag="082" ind1=" " ind2=" ">
    <subfield code="a">954.41</subfield>
  </datafield>
  <datafield tag="100" ind1=" " ind2=" ">
    <subfield code="a">&#x645;&#x62D;&#x645;&#x62F; &#x634;&#x631;&#x641;&#x648;&#x627;&#x644;&#x62F;&#x6CC;&#x646; &#x633;&#x627;&#x62D;&#x644;</subfield>
  </datafield>
  <datafield tag="245" ind1=" " ind2=" ">
    <subfield code="a">&#x62A;&#x627;&#x631;&#x62E; &#x646;&#x627;&#x6AF;&#x67E;&#x648;&#x631; /</subfield>
    <subfield code="c">&#x645;&#x62D;&#x645;&#x62F; &#x634;&#x631;&#x641;&#x648;&#x627;&#x644;&#x62F;&#x6CC;&#x646; &#x633;&#x627;&#x62D;&#x644;</subfield>
  </datafield>
  <datafield tag="246" ind1=" " ind2=" ">
    <subfield code="a">Tarikh-E-Nagpur (urdu) /</subfield>
    <subfield code="b">by Mohammed Sharfuddin Sahil</subfield>
  </datafield>
  <datafield tag="260" ind1=" " ind2=" ">
    <subfield code="a">-</subfield>
    <subfield code="b">Aliza</subfield>
    <subfield code="c">1983 &#x621;</subfield>
  </datafield>
  <datafield tag="300" ind1=" " ind2=" ">
    <subfield code="a">120p.</subfield>
    <subfield code="c">22cm(Hb)</subfield>
  </datafield>
  <datafield tag="942" ind1=" " ind2=" ">
    <subfield code="2">ddc</subfield>
    <subfield code="c">UR</subfield>
    <subfield code="h">951.41</subfield>
    <subfield code="m">&#x645; &#x62D; &#x645;</subfield>
  </datafield>
  <datafield tag="952" ind1=" " ind2=" ">
    <subfield code="0">0</subfield>
    <subfield code="1">0</subfield>
    <subfield code="4">0</subfield>
    <subfield code="7">0</subfield>
    <subfield code="8">NFIC</subfield>
    <subfield code="a">L</subfield>
    <subfield code="b">L</subfield>
    <subfield code="d">2020-02-14</subfield>
    <subfield code="e">BPPD/Ven.</subfield>
    <subfield code="g">10.00</subfield>
    <subfield code="l">0</subfield>
    <subfield code="o">951.41 &#x645; &#x62D; &#x645;</subfield>
    <subfield code="p">A-213266</subfield>
    <subfield code="r">2020-02-14 00:00:00</subfield>
    <subfield code="t">1</subfield>
    <subfield code="v">10.00</subfield>
    <subfield code="w">2020-02-14</subfield>
    <subfield code="y">UR</subfield>
  </datafield>
</record>
